000 02010nam a22002297a 4500
005 20240223105815.0
008 240222b ||||| |||| 00| 0 eng d
020 _a9780123846549
040 _cAL
041 _aeng
082 _223
_a530.15
_bARFM
100 _aGeorge B Arfken
_9152149
245 _aMathematical methods for physicists
_b: a comprehensive guide
250 _a7th ed.
260 _aLondon
_bElsevier
_c2013
300 _axiii,1205p.
_bHB
_c24x19.5cm
365 _2General
_a7804
_b₹8106.00
_c
_d₹10808.00
_e25%
_f19-02-2024
520 _aMathematical Methods for Physicists 7ED by George Arfken, Hans Weber and Harris gives young engineers and physicists a deep understanding of the mathematical concepts which are the cornerstone of modern physics and are considered essential for researchers and students interested in advance theoretical physics. In the first chapter, the basic concepts which will be used again and again in the subsequent chapters have been explained.The book has twenty three chapters in total covering many important concepts like partial differential equation, more special functions, ordinary differential equation, tensors and differential forms, probability and statistics, etc.One of the main features of the book is that there are ample examples illustrating each concept in the book. The writer's emphasis has been on improving the problem solving capability of the students. Complex concepts have been explained with the help of detailed and labelled diagrams. The book also contains proof of some important theorems which are used in physics. Some new topics have also been added to the seventh edition of the book. for example, a new chapter on the green's function, thorough explanation on contour integration, explanation of orthogonal polynomials and detailed discussion on partial differential equations are included.
650 _2Physics
_aMathematical Physics
_9152150
700 _aWeber, Hans J; Harris, Frank E.
_9152151
942 _2ddc
_cBK
999 _c229892
_d229892